[Event "Mittelfrank Regionalliga Sud-West 2223"]
[Site "Mittelfranken"]
[Date "2023.04.23"]
[Round "9.1"]
[White "Watzenberger, Stefan"]
[Black "Fehmer, Dirk"]
[Result "1/2-1/2"]
[WhiteElo "2115"]
[BlackElo "2072"]
[PlyCount "37"]
[EventDate "2022.10.09"]
[EventType "team-tourn"]
[EventRounds "9"]
[EventCountry "GER"]
[SourceTitle "EXT 2024"]
[Source "ChessBase"]
[SourceDate "2023.10.10"]
[SourceVersion "1"]
[SourceVersionDate "2023.10.10"]
[SourceQuality "1"]
[WhiteTeam "Sendling"]
[BlackTeam "Haunstetten II"]
[WhiteTeamCountry "GER"]
[BlackTeamCountry "GER"]

1. e4 e6 2. d4 d5 3. Nd2 c5 4. exd5 exd5 5. Ngf3 Nc6 6. Be2 Qc7 7. 0-0 Nf6 8. Re1 cxd4 9. Nb3 Bb4 10. Bd2 Bxd2 11. Qxd2 0-0 12. Nbxd4 Ne4 13. Qd1 Qb6 14. Rb1 Bg4 15. c3 Bxf3 16. Bxf3 Nxd4 17. Bxe4 dxe4 18. Qxd4 Qxd4 19. cxd4 1/2-1/2

[Event "Mittelfrank Regionalliga Sud-West 2223"]
[Site "Mittelfranken"]
[Date "2023.03.19"]
[Round "8.1"]
[White "Fehmer, Dirk"]
[Black "Nuber, Korbinian"]
[Result "0-1"]
[WhiteElo "2072"]
[BlackElo "2231"]
[PlyCount "68"]
[EventDate "2022.10.09"]
[EventType "team-tourn"]
[EventRounds "9"]
[EventCountry "GER"]
[SourceTitle "EXT 2024"]
[Source "ChessBase"]
[SourceDate "2023.10.10"]
[SourceVersion "1"]
[SourceVersionDate "2023.10.10"]
[SourceQuality "1"]
[WhiteTeam "Haunstetten II"]
[BlackTeam "Dillingen"]
[WhiteTeamCountry "GER"]
[BlackTeamCountry "GER"]

1. d4 d5 2. Nf3 Nf6 3. g3 e6 4. Bg2 c5 5. 0-0 Nc6 6. c4 Be7 7. cxd5 exd5 8. dxc5 Bxc5 9. a3 Ne4 10. b4 Be7 11. Bb2 Bf6 12. Nd4 Qb6 13. e3 0-0 14. Nc3 Bxd4 15. Na4 Bxb2 16. Nxb6 axb6 17. Ra2 Bf6 18. Qc1 Nxb4 19. Re2 Nc3 20. Rd2 Nd3 21. Qc2 Nc5 22. Bxd5 Rxa3 23. Bf3 Ra2 24. Qxa2 Nxa2 25. Rxa2 Be6 26. Ra7 Bc4 27. Rc1 Ba6 28. Bd5 Be7 29. Kg2 Rb8 30. f4 Kf8 31. Kf3 Bd8 32. Rc2 Nd3 33. Rc3 Nb4 34. Be4 b5 0-1

[Event "GER-ch Net blitz qual3"]
[Site "Playchess.com INT"]
[Date "2020.03.21"]
[Round "6"]
[White "Weller, Manuel"]
[Black "Fehmer, Dirk"]
[Result "1-0"]
[WhiteElo "2242"]
[BlackElo "2113"]
[PlyCount "74"]
[EventDate "2020.03.21"]
[EventType "swiss (blitz)"]
[EventRounds "9"]
[EventCountry "GER"]
[SourceTitle "CBM 195 Extra"]
[Source "ChessBase"]
[SourceDate "2020.05.31"]
[SourceVersion "1"]
[SourceVersionDate "2020.05.31"]
[SourceQuality "1"]

1. c4 Nf6 2. g3 g6 3. b3 Bg7 4. Bb2 d6 5. Bg2 0-0 6. e3 e5 7. Ne2 Nc6 8. 0-0 Bd7 9. d3 Qc8 10. Re1 Nh5 11. Nbc3 Ne7 12. Rc1 f5 13. Nd5 Nxd5 14. cxd5 Qd8 15. f4 Nf6 16. h3 e4 17. dxe4 Nxe4 18. Bxg7 Kxg7 19. Bxe4 fxe4 20. Qd4+ Kg8 21. Kh2 Re8 22. Rc2 Bf5 23. Rec1 Re7 24. g4 Bc8 25. Qf6 Qf8 26. Qxf8+ Kxf8 27. Rxc7 Bd7 28. Rxb7 a5 29. Rcc7 Ke8 30. Nd4 a4 31. b4 a3 32. Nc6 Rf7 33. Nb8 h5 34. Rxd7 hxg4 35. Rxf7 g5 36. Rbe7+ Kd8 37. Rd7+ Ke8 1-0

[Event "GER-ch Net blitz qual2"]
[Site "Playchess.com INT"]
[Date "2020.03.16"]
[Round "8"]
[White "Plum, Paul"]
[Black "Fehmer, Dirk"]
[Result "1-0"]
[WhiteElo "1790"]
[BlackElo "2113"]
[PlyCount "117"]
[EventDate "2020.03.16"]
[EventType "swiss (blitz)"]
[EventRounds "9"]
[EventCountry "GER"]
[SourceTitle "CBM 195 Extra"]
[Source "ChessBase"]
[SourceDate "2020.05.31"]
[SourceVersion "1"]
[SourceVersionDate "2020.05.31"]
[SourceQuality "1"]

1. e4 e6 2. d4 d5 3. Nc3 Nc6 4. Nf3 Nf6 5. exd5 exd5 6. Bb5 a6 7. Ba4 Be7 8. Ne5 Bd7 9. Nxd7 Qxd7 10. 0-0 b5 11. Bb3 Na5 12. Re1 0-0 13. Qf3 c6 14. Bf4 Nxb3 15. axb3 a5 16. Be5 Ne8 17. Re2 f6 18. Bg3 Bd6 19. Rae1 Rf7 20. h3 Bxg3 21. Qxg3 Nd6 22. Qf3 Kf8 23. Qd3 Re8 24. Rxe8+ Nxe8 25. Qxh7 Re7 26. Re3 Rxe3 27. fxe3 Qe6 28. Qd3 Nd6 29. Kh2 Kf7 30. Nd1 Ne4 31. Kg1 Qf5 32. Qe2 Ng3 33. Qf2 Qg6 34. Nc3 b4 35. Ne2 Ne4 36. Qf4 Qh5 37. Qc7+ Kg6 38. Nf4+ Kg5 39. Nxh5 a4 40. bxa4 b3 41. cxb3 g6 42. Qxc6 gxh5 43. Qxd5+ f5 44. Qg8+ Kf6 45. g4 Ng3 46. Kg2 Ne2 47. gxf5 Kxf5 48. Qh7+ Ke6 49. Qxh5 Nc1 50. Qe5+ Kd7 51. a5 Nd3 52. Qd5+ Kc8 53. Qc6+ Kb8 54. Qb6+ Kc8 55. Qa6+ Kb8 56. Qxd3 Ka7 57. Qb5 Ka8 58. a6 Ka7 59. Qb7# 1-0

[Event "GER-ch Net blitz qual1"]
[Site "Playchess.com INT"]
[Date "2020.03.07"]
[Round "1"]
[White "Fehmer, Dirk"]
[Black "Auge, Hendrik"]
[Result "1-0"]
[WhiteElo "2113"]
[BlackElo "1638"]
[PlyCount "47"]
[EventDate "2020.03.07"]
[EventType "swiss (blitz)"]
[EventRounds "9"]
[EventCountry "GER"]
[SourceTitle "CBM 195 Extra"]
[Source "ChessBase"]
[SourceDate "2020.05.31"]
[SourceVersion "1"]
[SourceVersionDate "2020.05.31"]
[SourceQuality "1"]

1. Nf3 Nc6 2. d4 d5 3. g3 Nf6 4. Bg2 Bg4 5. Ne5 Bh5 6. c4 e6 7. Qa4 Nd7 8. Nxc6 bxc6 9. Qxc6 Be7 10. cxd5 exd5 11. Qxd5 Nf6 12. Qxa8 Qxa8 13. Bxa8 0-0 14. Bf3 Bg6 15. Nc3 Re8 16. 0-0 h5 17. Bg5 Nh7 18. Bxe7 Rxe7 19. e3 Nf6 20. Nd5 Nxd5 21. Bxd5 h4 22. Kg2 Bd3 23. Rfd1 Bf5 24. h3 1-0

[Event "Landesliga Sued 1819"]
[Site "Bayern"]
[Date "2019.04.07"]
[Round "9.8"]
[White "Buchner, Rudolf"]
[Black "Fehmer, Dirk"]
[Result "0-1"]
[WhiteElo "2008"]
[BlackElo "2028"]
[PlyCount "54"]
[EventDate "2018.10.21"]
[EventType "team-tourn"]
[EventRounds "9"]
[EventCountry "GER"]
[SourceTitle "EXT 2022"]
[Source "ChessBase"]
[SourceDate "2021.10.06"]
[SourceVersion "1"]
[SourceVersionDate "2021.10.06"]
[SourceQuality "1"]
[WhiteTeam "Muenchen Tarrasch"]
[BlackTeam "Haunstetten TSV"]
[WhiteTeamCountry "GER"]
[BlackTeamCountry "GER"]

1. e4 e6 2. d4 d5 3. Nd2 Nc6 4. Ngf3 Nf6 5. e5 Nd7 6. c3 f6 7. exf6 Qxf6 8. Bb5 Bd6 9. 0-0 0-0 10. Nb3 e5 11. Bxc6 bxc6 12. dxe5 Nxe5 13. Nxe5 Bxe5 14. Be3 Qh4 15. g3 Qh3 16. Qe2 a5 17. Nc5 Bd6 18. Qd2 Bg4 19. f4 Rfe8 20. Rae1 Qh5 21. Bd4 Bh3 22. Rxe8+ Rxe8 23. Qd1 Qf5 24. Re1 Rxe1+ 25. Qxe1 Qc2 26. Qe8+ Bf8 27. Bf2 Qd1+ 0-1

[Event "Landesliga Sued 1819"]
[Site "Bayern"]
[Date "2019.02.24"]
[Round "7.8"]
[White "Jacob, Tobias"]
[Black "Fehmer, Dirk"]
[Result "1-0"]
[WhiteElo "2079"]
[BlackElo "2028"]
[PlyCount "63"]
[EventDate "2018.10.21"]
[EventType "team-tourn"]
[EventRounds "9"]
[EventCountry "GER"]
[SourceTitle "EXT 2022"]
[Source "ChessBase"]
[SourceDate "2021.10.06"]
[SourceVersion "1"]
[SourceVersionDate "2021.10.06"]
[SourceQuality "1"]
[WhiteTeam "Unterhaching"]
[BlackTeam "Haunstetten TSV"]
[WhiteTeamCountry "GER"]
[BlackTeamCountry "GER"]

1. e4 e6 2. d4 d5 3. Nd2 Nc6 4. Ngf3 Nf6 5. e5 Nd7 6. Be2 Be7 7. Nf1 0-0 8. Ne3 f6 9. exf6 Bxf6 10. 0-0 Nb6 11. Ng4 Qd6 12. Bb5 e5 13. Nxf6+ Rxf6 14. Bxc6 e4 15. Bxd5+ Qxd5 16. Ne5 Nc4 17. Nxc4 Qxc4 18. Re1 Bf5 19. Bf4 Rd8 20. Be5 Rg6 21. Re3 c6 22. Kh1 Qf7 23. Qd2 Qd5 24. Qc3 h6 25. Qa3 a6 26. Qb4 Rd7 27. c4 Qf7 28. Rf1 Qe8 29. f3 exf3 30. Rexf3 Rg5 31. Rxf5 Rxf5 32. Rxf5 1-0

[Event "Bayern-chI Bank Hofmann 22nd"]
[Site "Tegernsee"]
[Date "2018.10.27"]
[Round "1"]
[White "Fehmer, Dirk"]
[Black "Mons, Leon"]
[Result "0-1"]
[WhiteElo "2116"]
[BlackElo "2554"]
[PlyCount "73"]
[EventDate "2018.10.27"]
[EventType "swiss"]
[EventRounds "9"]
[EventCountry "GER"]
[SourceTitle "CBM 187 Extra"]
[Source "ChessBase"]
[SourceDate "2018.11.04"]
[SourceVersion "1"]
[SourceVersionDate "2018.11.04"]
[SourceQuality "1"]

1. Nf3 Nf6 2. g3 d5 3. Bg2 c6 4. c4 Bf5 5. cxd5 cxd5 6. Nh4 Bg4 7. h3 Bd7 8. d4 e6 9. Nc3 Bb4 10. 0-0 0-0 11. Bg5 Bxc3 12. bxc3 Nc6 13. e4 dxe4 14. Bxe4 h6 15. Bxf6 Qxf6 16. Qf3 Qxf3 17. Nxf3 Rac8 18. Rac1 Rfd8 19. Rfd1 Na5 20. c4 Ba4 21. Re1 Rxc4 22. Rxc4 Nxc4 23. Bxb7 Nd6 24. Ba6 Nf5 25. Bb7 Nxd4 26. Nxd4 Rxd4 27. Re3 Kf8 28. Rc3 Ke7 29. Kg2 g5 30. Kf3 Bd7 31. Ra3 Ba4 32. Ba6 Kd6 33. Ke3 e5 34. Rd3 Kc5 35. Bb7 Bb5 36. Ra3 f5 37. Rxa7 0-1

[Event "Landesliga Sued 1718"]
[Site "Bayern"]
[Date "2017.11.12"]
[Round "2.7"]
[White "Tauber, Manfred"]
[Black "Fehmer, Dirk"]
[Result "1/2-1/2"]
[WhiteElo "2159"]
[BlackElo "2052"]
[PlyCount "62"]
[EventDate "2017.10.22"]
[EventType "team-tourn"]
[EventRounds "9"]
[EventCountry "GER"]
[SourceTitle "EXT 2022"]
[Source "ChessBase"]
[SourceDate "2021.10.06"]
[SourceVersion "1"]
[SourceVersionDate "2021.10.06"]
[SourceQuality "1"]
[WhiteTeam "Muenchen Tarrasch"]
[BlackTeam "Haunstetten TSV"]
[WhiteTeamCountry "GER"]
[BlackTeamCountry "GER"]

1. Nf3 Nf6 2. e3 g6 3. b3 Bg7 4. Bb2 d5 5. c4 c6 6. Be2 0-0 7. 0-0 Bg4 8. d3 Re8 9. Nbd2 Nbd7 10. cxd5 cxd5 11. d4 Rc8 12. h3 Bxf3 13. Bxf3 Qb6 14. Be2 e5 15. dxe5 Nxe5 16. Nf3 Ne4 17. Nxe5 Bxe5 18. Bxe5 Rxe5 19. Rc1 Nc3 20. Qd3 Nxe2+ 21. Qxe2 Rd8 22. Rfd1 d4 23. Qb2 Red5 24. exd4 Rxd4 25. Rxd4 Qxd4 26. Qxd4 Rxd4 27. Rc7 Rb4 28. Kf1 Rb6 29. Ke2 Ra6 30. Rc2 Re6+ 31. Kd3 Re7 1/2-1/2

[Event "Bayern-chI Bank Hofmann 21st"]
[Site "Tegernsee"]
[Date "2017.11.04"]
[Round "8"]
[White "Fehmer, Dirk"]
[Black "Fieberg, Samuel"]
[Result "1/2-1/2"]
[WhiteElo "2097"]
[BlackElo "2249"]
[PlyCount "78"]
[EventDate "2017.10.28"]
[EventType "swiss"]
[EventRounds "9"]
[EventCountry "GER"]
[SourceTitle "CBM 181 Extra"]
[Source "ChessBase"]
[SourceDate "2017.12.12"]
[SourceVersion "1"]
[SourceVersionDate "2017.12.12"]
[SourceQuality "1"]

1. Nf3 d5 2. g3 c6 3. c4 Nf6 4. Bg2 Bg4 5. Ne5 Be6 6. cxd5 Bxd5 7. Nf3 c5 8. Nc3 Bc6 9. d3 e6 10. 0-0 Nbd7 11. e4 e5 12. Qe2 g6 13. Ne1 Bg7 14. Nc2 0-0 15. b4 cxb4 16. Nxb4 Qa5 17. Rb1 Rfd8 18. Bd2 Qc7 19. Rfc1 Qd6 20. Be3 Nf8 21. Ncd5 Nxd5 22. Bc5 Qd7 23. Nxd5 Ne6 24. Ne7+ Kh8 25. Nxc6 bxc6 26. Rb3 Bf8 27. Be3 Rab8 28. Rxb8 Rxb8 29. Qc2 Ba3 30. Rb1 Rxb1+ 31. Qxb1 Qc7 32. Bh3 Nd4 33. Bxd4 exd4 34. Qb3 Bc5 35. Qc4 Bb6 36. Qa6 Kg7 37. Qc8 Qd6 38. Qd7 Qxd7 39. Bxd7 c5 1/2-1/2

[Event "Bayern-chI Bank Hofmann 20th"]
[Site "Bad Wiessee"]
[Date "2016.11.01"]
[Round "4"]
[White "Fehmer, Dirk"]
[Black "Ojas, Kulkarni"]
[Result "1/2-1/2"]
[WhiteElo "2050"]
[BlackElo "2405"]
[PlyCount "106"]
[EventDate "2016.10.29"]
[EventType "swiss"]
[EventRounds "9"]
[EventCountry "GER"]
[SourceTitle "CBM 175 Extra"]
[Source "ChessBase"]
[SourceDate "2016.12.12"]
[SourceVersion "1"]
[SourceVersionDate "2016.12.12"]
[SourceQuality "1"]

1. Nf3 Nf6 2. g3 g6 3. b3 Bg7 4. Bb2 0-0 5. Bg2 d6 6. d4 e5 7. dxe5 Ng4 8. h3 Nxe5 9. Nxe5 Bxe5 10. Bxe5 dxe5 11. Qxd8 Rxd8 12. Nd2 c6 13. 0-0-0 Be6 14. Ne4 Na6 15. Rxd8+ Rxd8 16. Rd1 Rxd1+ 17. Kxd1 Nb8 18. c4 Kf8 19. Kd2 Ke7 20. Kc3 f5 21. Nc5 b6 22. Nd3 Kd6 23. b4 Nd7 24. f4 e4 25. Nb2 c5 26. b5 Nf6 27. e3 Nh5 28. g4 fxg4 29. hxg4 Bxg4 30. Bxe4 Ng3 31. Bg2 Bf5 32. Nd3 Ne4+ 33. Bxe4 Bxe4 34. Ne5 h5 35. Kd2 h4 36. Ke2 Ke6 37. Kf2 g5 38. Kg1 Kf5 39. Nc6 gxf4 40. exf4 Kxf4 41. Kh2 a6 42. a4 Kf5 43. Ne7+ Ke6 44. Nc8 axb5 45. axb5 Kd7 46. Nxb6+ Kc7 47. Na4 Bd3 48. b6+ Kc6 49. b7 Kc7 50. Nxc5 Bxc4 51. Kh3 Bd5 52. Kxh4 Bxb7 53. Nxb7 Kxb7 1/2-1/2

[Event "Landesliga Sued 1213"]
[Site "Bayern"]
[Date "2013.03.17"]
[Round "8.8"]
[White "Spiess, Martin"]
[Black "Fehmer, Dirk"]
[Result "1-0"]
[WhiteElo "2131"]
[BlackElo "1951"]
[PlyCount "83"]
[EventDate "2012.10.14"]
[EventType "team-tourn"]
[EventRounds "9"]
[EventCountry "GER"]
[SourceTitle "EXT 2015"]
[Source "ChessBase"]
[SourceDate "2014.11.20"]
[SourceVersion "1"]
[SourceVersionDate "2014.11.20"]
[SourceQuality "1"]
[WhiteTeam "Ingolstadt"]
[BlackTeam "Haunstetten"]
[WhiteTeamCountry "GER"]
[BlackTeamCountry "GER"]

1. e4 e6 2. d4 d5 3. Nc3 Nf6 4. Bg5 Bb4 5. e5 h6 6. Bd2 Bxc3 7. bxc3 Ne4 8. Qg4 Kf8 9. h4 c5 10. Bd3 Nxd2 11. Kxd2 Nc6 12. Rh3 c4 13. Bf1 b5 14. a3 Rb8 15. Ne2 Qa5 16. Nf4 Nxd4 17. Ng6+ fxg6 18. Qxd4 Kg8 19. Qg4 Rb7 20. Qxg6 d4 21. Be2 b4 22. Bxc4 bxc3+ 23. Kd1 Re7 24. f4 Qc7 25. Bd3 Qb6 26. Ke2 Ba6 27. Bxa6 Qxa6+ 28. Rd3 Qb5 29. a4 Qb6 30. Rdd1 h5 31. Rab1 Qa6+ 32. Kf2 Qc8 33. Rxd4 Rh6 34. Qd3 Kf7 35. Rd8 Qc5+ 36. Kf1 Rc7 37. Rd7+ Rxd7 38. Qxd7+ Kg8 39. Qd3 Qf8 40. g3 Qe8 41. Rb4 Rh8 42. Rd4 1-0

[Event "Landesliga Sued 1112"]
[Site "Bayern"]
[Date "2012.02.26"]
[Round "7.8"]
[White "Daurer, Walter"]
[Black "Fehmer, Dirk"]
[Result "1/2-1/2"]
[WhiteElo "1921"]
[BlackElo "1954"]
[PlyCount "82"]
[EventDate "2011.10.02"]
[EventType "team-tourn"]
[EventRounds "9"]
[EventCountry "GER"]
[SourceTitle "EXT 2015"]
[Source "ChessBase"]
[SourceDate "2014.11.20"]
[SourceVersion "1"]
[SourceVersionDate "2014.11.20"]
[SourceQuality "1"]
[WhiteTeam "Muenchen Tarrasch II"]
[BlackTeam "Haunstetten"]
[WhiteTeamCountry "GER"]
[BlackTeamCountry "GER"]

1. e4 d6 2. d4 Nf6 3. Nc3 Nbd7 4. f4 e5 5. Nf3 exd4 6. Qxd4 Be7 7. Bd2 c6 8. 0-0-0 0-0 9. e5 dxe5 10. fxe5 Bc5 11. Qh4 Nd5 12. Qxd8 Rxd8 13. Nxd5 cxd5 14. Bg5 f6 15. Bh4 g5 16. Rxd5 Be3+ 17. Kb1 Re8 18. Bb5 gxh4 19. Bxd7 Bxd7 20. Rxd7 fxe5 21. Nxh4 Bf2 22. Nf5 e4 23. Ng3 b5 24. Kc1 Rac8 25. a3 Re5 26. c3 a5 27. Ne2 b4 28. axb4 axb4 29. Kc2 bxc3 30. bxc3 Ra5 31. Rb1 Rh5 32. h3 Rg5 33. g4 h5 34. Rf1 Bb6 35. Rf5 Rxf5 36. gxf5 Rc5 37. Rb7 Ba5 38. f6 Rf5 39. f7+ Rxf7 40. Rxf7 Kxf7 41. Ng3 e3 1/2-1/2

[Event "Landesliga Sued 1011"]
[Site "Bayern"]
[Date "2011.03.20"]
[Round "8.5"]
[White "Braun, Thomas1"]
[Black "Fehmer, Dirk"]
[Result "1/2-1/2"]
[WhiteElo "2060"]
[BlackElo "1961"]
[PlyCount "142"]
[EventDate "2010.10.10"]
[EventType "team-tourn"]
[EventRounds "9"]
[EventCountry "GER"]
[SourceTitle "EXT 2012"]
[Source "ChessBase"]
[SourceDate "2011.11.24"]
[SourceVersion "1"]
[SourceVersionDate "2011.11.24"]
[SourceQuality "1"]
[WhiteTeam "Bayern Muenchen III"]
[BlackTeam "Haunstetten"]
[WhiteTeamCountry "GER"]
[BlackTeamCountry "GER"]

1. d4 Nf6 2. c4 g6 3. Nc3 Bg7 4. e4 d6 5. Nf3 0-0 6. Be2 e5 7. Be3 Nbd7 8. 0-0 c6 9. Qc2 Ng4 10. Bg5 f6 11. Bc1 Nh6 12. Rd1 Nf7 13. b4 Qe7 14. a4 f5 15. exf5 gxf5 16. dxe5 Ndxe5 17. Be3 Nxf3+ 18. Bxf3 Ne5 19. Bd4 Qh4 20. Ne2 Be6 21. c5 Nxf3+ 22. gxf3 Be5 23. f4 Qg4+ 24. Kf1 Bxd4 25. Nxd4 Bd5 26. f3 Bxf3 27. Qb3+ Bd5 28. Qg3 dxc5 29. bxc5 Rae8 30. Re1 Qxg3 31. hxg3 Re4 32. Rxe4 Bxe4 33. Kf2 Rd8 34. Ke3 Re8 35. Kd2 Kf7 36. a5 Rd8 37. Ke3 Rd5 38. a6 bxa6 39. Rxa6 Rxc5 40. Rxa7+ Kf6 41. Rxh7 Rc3+ 42. Kf2 c5 43. Nc6 Rf3+ 44. Ke2 Rxg3 45. Ne5 Ke6 46. Rc7 Rc3 47. Kd2 Rc2+ 48. Ke3 Bd5 49. Kd3 Be4+ 50. Ke3 Bd5 51. Kd3 Rc1 52. Kd2 Rf1 53. Ke3 Re1+ 54. Kd2 Re4 55. Nd3 Rd4 56. Rxc5 Bc4 57. Kc3 Rxd3+ 58. Kxc4 Rf3 59. Kd4 Rxf4+ 60. Ke3 Rf1 61. Ke2 Rf4 62. Ke3 Rh4 63. Kf3 Kf6 64. Rc8 Rh3+ 65. Kg2 Ra3 66. Kf2 Kg5 67. Rc4 Rb3 68. Ra4 f4 69. Ra8 Rb2+ 70. Kf3 Rb3+ 71. Kf2 Kf5 1/2-1/2

[Event "Landesliga Sued 0910"]
[Site "Bayern"]
[Date "2010.04.11"]
[Round "9.7"]
[White "Kobold, Julius"]
[Black "Fehmer, Dirk"]
[Result "0-1"]
[WhiteElo "1813"]
[BlackElo "2009"]
[PlyCount "50"]
[EventDate "2009.10.18"]
[EventType "team-tourn"]
[EventRounds "9"]
[EventCountry "GER"]
[SourceTitle "EXT 2011"]
[Source "ChessBase"]
[SourceDate "2010.11.26"]
[SourceVersion "1"]
[SourceVersionDate "2010.11.26"]
[SourceQuality "1"]
[WhiteTeam "Weilheim"]
[BlackTeam "Haunstetten"]
[WhiteTeamCountry "GER"]
[BlackTeamCountry "GER"]

1. e4 d6 2. d4 Nf6 3. Bd3 e5 4. c3 c6 5. Nf3 Qc7 6. Nbd2 Be7 7. 0-0 0-0 8. Re1 Bg4 9. Nf1 Re8 10. b3 Nbd7 11. Bb2 Bf8 12. Rc1 d5 13. h3 Bxf3 14. Qxf3 dxe4 15. Bxe4 exd4 16. Bf5 Ne5 17. Qg3 Bd6 18. cxd4 Nc4 19. Qc3 Rxe1 20. Rxe1 Nxb2 21. Qxb2 Qa5 22. Qb1 g6 23. Bc2 Nd5 24. Ne3 Re8 25. Be4 Rxe4 0-1